| 000 | 00596nam a2200205 i 4500 | ||
|---|---|---|---|
| 001 | 49661 | ||
| 003 | ES-MaACL | ||
| 005 | 20250902013910.0 | ||
| 007 | t| | ||
| 008 | 030721s1961 sp ||||1| spa d | ||
| 080 | _a651.7(075.3) | ||
| 100 | 1 |
_aCots y Trias, Antonio. _941185 |
|
| 245 | 1 | 0 |
_aCorrespondencia mercantil : _bmétodo práctico / _cpor Antonio Cots y Trías. |
| 250 | _a24ª ed. | ||
| 260 |
_aBarcelona : _bCots, _c1961. |
||
| 300 |
_a288 p. ; _c22 cm. |
||
| 650 | 7 |
_aCorrespondencia comercial _2embne _9157414 |
|
| 852 | 4 |
_aES-MaACL _jC-21923 |
|
| 999 |
_c49661 _d49661 |
||